Statistics for County Seats Of Mississippi

Click here to take the quiz!

General Stats

  • This quiz has been taken 17 times
  • The average score is 44 of 82

Answer Stats

CountySeat% Correct
HindsJackson & Raymond
100%
LauderdaleMeridian
88%
AdamsNatchez
88%
NeshobaPhiladelphia
88%
LeeTupelo
88%
WarrenVicksburg
88%
YazooYazoo City
88%
HancockBay St. Louis
75%
LincolnBrookhaven
75%
BolivarCleveland & Rosedale
75%
WashingtonGreenville
75%
HarrisonGulfport & Biloxi
75%
ForrestHattiesburg
75%
AttalaKosciusko
75%
LafayetteOxford
75%
JacksonPascagoula
75%
RankinBrandon
63%
CoahomaClarksdale
63%
LowndesColumbus
63%
_______Grenada
63%
IssaquenaMayersville
63%
________Pontotoc
63%
______Tunica
63%
MonroeAberdeen
50%
ChoctawAckerman
50%
BentonAshland
50%
PanolaBatesville & Sardis
50%
HumphreysBelzoni
50%
PrentissBooneville
50%
CarrollCarrollton & Vaiden
50%
AlcornCorinth
50%
JeffersonFayette
50%
ItawambaFulton
50%
LefloreGreenwood
50%
CopiahHazlehurst
50%
DeSotoHernando
50%
MarshallHolly Springs
50%
ChickasawHouston & Okolona
50%
SunflowerIndianola
50%
TishomingoIuka
50%
JonesLaurel & Ellisville
50%
WinstonLouisville
50%
GeorgeLucedale
50%
NoxubeeMacon
50%
UnionNew Albany
50%
Pearl RiverPoplarville
50%
Jefferson DavisPrentiss
50%
ClarkeQuitman
50%
TippahRipley
50%
SharkeyRolling Fork
50%
TateSenatobia
50%
OktibbehaStarkville
50%
WebsterWalthall
50%
YalobushaWater Valley & Coffeeville
50%
WayneWaynesboro
50%
ClayWest Point
50%
MontgomeryWinona
50%
JasperBay Springs & Paulding
38%
MadisonCanton
38%
LeakeCarthage
38%
TallahatchieCharleston & Sumner
38%
CovingtonCollins
38%
MarionColumbia
38%
NewtonDecatur
38%
KemperDe Kalb
38%
ScottForest
38%
GreeneLeakesville
38%
HolmesLexington
38%
AmiteLiberty
38%
PikeMagnolia
38%
QuitmanMarks
38%
FranklinMeadville
38%
SimpsonMendenhall
38%
LawrenceMonticello
38%
PerryNew Augusta
38%
CalhounPittsboro
38%
ClaibornePort Gibson
38%
LamarPurvis
38%
SmithRaleigh
38%
WalthallTylertown
38%
StoneWiggins
38%
WilkinsonWoodville
38%

Score Distribution

Percentile by Number Answered

Percent of People with Each Score

Your Score History

You have not taken this quiz